000
00316nam a2200121 a 4500
005
20140414131902.0
008
100920s19uu xx 00 eng d
050
_a
FIC
_b
D12 1998
100
_a
Dadey, Debbie
245
_a
Giants don't go snowboarding.
260
_a
New York :
_b
Scholastic ,
_c
1998.
999
_c
110704
_d
110704